000 01267cam a2200289 i 4500
003 SA-RiAUC
005 20251105133228.0
008 251030s1981 pk g 00000 ara c
040 _aSA-JeALM
_bara
_cSA-RiAUC
_erda
082 0 4 _a237.3
090 _a237.3
_bو ر د
245 0 2 _aالورد المصفى المختار من كلام الله تعالى وكلام سيد الأبرار /
_cاختاره عبد العزيز بن عبد الرحمن الفيصل آل سعود.
250 _aالطبعة الأولى.
264 1 _c1981
300 _a128 صفحة ؛
_c24 سم
336 _aنص
_btxt
_2rdacontent
_3كتاب
337 _aبدون وسيط
_bn
_2rdamedia
338 _aمجلد
_bnc
_2rdacarrier
600 0 7 _aمحمد (صلى الله عليه وسلم)،
_d53 قبل الهجرة-11 هجري
_2aucnm
650 7 _aالله (إسلام)
_2aucsh
650 7 _aالأدعية والأوراد
_2aucsh
650 7 _aالحديث
_xجوامع الفنون
_2aucsh
650 7 _aالدعوة الإسلامية
_2aucsh
700 1 _aابن سعود، عبد العزيز بن عبد الرحمن بن فيصل،
_cملك السعودية،
_d1293-1373 هجري
_eجامع.
942 _2ddc
_cBOOK
_n0
949 _aSA-JeALM
_d251030
_umohamedma123
_n1
999 _c13030
_d13030